000 00692cam a2200205 4500
001 WB3615-14
008 000000n2000 000 0 eng u
035 _a(Sirsi) u105324
245 _aWater redress 'not ruled out'
260 _c2000
490 _aFinancial Times
_v 11 April 2000, 5(1)
520 _aGovernment has not ruled out compensation for water companies forced to give up, or modify water abstraction licences to safeguard the environment.
590 _aWB
650 _aWATER COMPANIES
650 _aWATER ABSTRACTION
650 _aCOMPENSATION
650 _aABSTRACTION LICENCES
690 _aENVIRONMENTAL AND LAND CONSULTANCY-ENVIRONMENTAL MANAGEMENT
942 _n0
999 _c63147
_d63147